000 00486nam a22001697a 4500
005 20251129155958.0
008 251129b |||||||| |||| 00| 0 eng d
020 _a9780333636831
050 _aTA403
_b.C49
245 _aCivil Engineering Materials
_cedited by Neil Jackson & Ravindra K. Dhir
250 _a5th ed.
260 _aNew York
_bPalgrave
_c1996
300 _axv. 534p.
_bill.
_c23.5cm
700 _aJackson, Neil
700 _aDhir, Ravindra K.
942 _2lcc
_cBK
_e5th ed.
_n0
999 _c8457
_d8457